000 00300nam a2200133 i 4500
001 bg
100 1 _aOLSZYŃSKI, T.
245 0 _aOprawy oświetleniowe /
_cT. Olszyński.
260 _aWarszawa,
_c1966.
040 _cBPK
041 _apol
942 _cKS
008 s pl f |000 0 pol
999 _c4779
_d4779
856 _uhttp://koha.tu.koszalin.pl/cgi-bin/koha/opac-detail.pl?biblionumber=4779
_yKatalog online BPK